The Evolution of Global Internet Governance Principles and Policies in the Making /

The volume explores the consequences of recent events in global Internet policy and possible ways forward following the 2012 World Conference on International Telecommunications (WCIT-12). It offers expert views on transformations in governance, the future of multistakeholderism and the salience of...

Full description

Bibliographic Details
Corporate Author: SpringerLink (Online service)
Other Authors: Radu, Roxana (Editor), Chenou, Jean-Marie (Editor), Weber, Rolf H. (Editor)
Format: Electronic eBook
Language:English
Published: Berlin, Heidelberg : Springer Berlin Heidelberg : Imprint: Springer, 2014.
Subjects:
Online Access:Full Text via HEAL-Link
LEADER 03939nam a22005415i 4500
001 978-3-642-45299-4
003 DE-He213
005 20151103151041.0
007 cr nn 008mamaa
008 140325s2014 gw | s |||| 0|eng d
020 |a 9783642452994  |9 978-3-642-45299-4 
024 7 |a 10.1007/978-3-642-45299-4  |2 doi 
040 |d GrThAP 
050 4 |a K4240-4343 
050 4 |a K1401-1578.25 
072 7 |a LN  |2 bicssc 
072 7 |a LAW051000  |2 bisacsh 
082 0 4 |a 343.099  |2 23 
245 1 4 |a The Evolution of Global Internet Governance  |h [electronic resource] :  |b Principles and Policies in the Making /  |c edited by Roxana Radu, Jean-Marie Chenou, Rolf H. Weber. 
264 1 |a Berlin, Heidelberg :  |b Springer Berlin Heidelberg :  |b Imprint: Springer,  |c 2014. 
300 |a XLIX, 198 p. 5 illus.  |b online resource. 
336 |a text  |b txt  |2 rdacontent 
337 |a computer  |b c  |2 rdamedia 
338 |a online resource  |b cr  |2 rdacarrier 
347 |a text file  |b PDF  |2 rda 
505 0 |a Introduction: Global Internet Policy: a Fifteen-Year Long Debate -- Part 1. Actors, Institutions and Principles of Internet Governance -- Chapter 1 Global Internet Governance: Governance without Governors -- Chapter 2 Competing Institutional Trajectories for Global Regulation—Internet in a Fragmented World -- Chapter 3 Internet Freedom and the Constitutionalization of Internet Governance -- Part 2. Multistakeholderism and its Limits -- Chapter 4 Internet Governance: The Last Gasp of Colonialism, or Imperialism by Other Means? -- Chapter 5 Visions of Political Power: Treaty Making and Multistakeholder Understanding -- Chapter 6 Use [and Abuse] of Multistakeholderism in the Internet -- Part 3. Internet Security between Competition and Cooperation -- Chapter 7 Chinese Internet Governance—Some Domestic and Foreign Issues -- Chapter 8 Extending Cybersecurity, Securing Private Internet Infrastructure: the US Einstein Program and its Implications for Internet Governance -- Chapter 9 Open Security. Contributions of Networked Approaches to the Challenge of Democratic Internet Security Governance -- Conclusions and Way Forward. From Nested Dilemmas to Democratic Internet Governance. 
520 |a The volume explores the consequences of recent events in global Internet policy and possible ways forward following the 2012 World Conference on International Telecommunications (WCIT-12). It offers expert views on transformations in governance, the future of multistakeholderism and the salience of cybersecurity. Based on the varied backgrounds of the contributors, the book provides an interdisciplinary perspective drawing on international relations, international law and communication studies. It addresses not only researchers interested in the evolution of new forms of transnational networked governance, but also practitioners who wish to get a scholarly reflection on current regulatory developments. It notably provides firsthand accounts on the role of the WCIT-12 in the future of Internet governance. 
650 0 |a Law. 
650 0 |a Computers. 
650 0 |a Law and legislation. 
650 0 |a Private international law. 
650 0 |a Conflict of laws. 
650 0 |a International law. 
650 0 |a Comparative law. 
650 0 |a Intellectual property  |x Law and legislation. 
650 1 4 |a Law. 
650 2 4 |a International IT and Media Law, Intellectual Property Law. 
650 2 4 |a Legal Aspects of Computing. 
650 2 4 |a Private International Law, International & Foreign Law, Comparative Law. 
700 1 |a Radu, Roxana.  |e editor. 
700 1 |a Chenou, Jean-Marie.  |e editor. 
700 1 |a Weber, Rolf H.  |e editor. 
710 2 |a SpringerLink (Online service) 
773 0 |t Springer eBooks 
776 0 8 |i Printed edition:  |z 9783642452987 
856 4 0 |u http://dx.doi.org/10.1007/978-3-642-45299-4  |z Full Text via HEAL-Link 
912 |a ZDB-2-SHU 
950 |a Humanities, Social Sciences and Law (Springer-11648)